Statistics for Top 25 population centres in Tasmania

Click here to take the quiz!

General Stats

  • This quiz has been taken 46 times
  • The average score is 14 of 25

Answer Stats

PopulationTown Name% Correct
180,615Hobart
100%
79,535Launceston
91%
20,213Burnie-Somerset
89%
23,044Devonport
80%
1,757Queenstown
80%
5,167Wynyard
69%
2,136St Helens
66%
5,834New Norfolk
63%
3,137Penguin
63%
12,286Ulverstone
63%
2,431Deloraine
60%
2,718Huonville
57%
4,734George Town
54%
3,471Latrobe
54%
2,625Perth
54%
3,274Smithton
54%
3,342Longford
51%
5,402Sorell-Midway Point
51%
1,475Westbury
51%
1,901Scottsdale
49%
3,354Port Sorell
37%
2,301Margate
31%
5,674Dodges Ferry-Lewisham
29%
2,215Hadspen
23%
1,560Snug
23%

Score Distribution

Percentile by Number Answered

Percent of People with Each Score

Your Score History

You have not taken this quiz